| 000 | 01261nam a2200265 a 4500 | ||
|---|---|---|---|
| 001 | 45399 | ||
| 003 | BD-RjUL | ||
| 005 | 20211209054015.0 | ||
| 008 | 160725s2010 bg o|||e |||| 00| 0 ben d | ||
| 020 |
_a9845695075 _c: Tk.125.00 |
||
| 035 | _a(BD-RjUL)45517 | ||
| 040 |
_aBD-RjUL _bben _cBD-RjUL |
||
| 041 | _aben | ||
| 082 |
_223 _aB 954.9205 _bBHE 2010 |
||
| 100 |
_aভূইয়া, আবদুর রহমান _9138999 |
||
| 245 | 1 | 0 |
_aএক মুক্তিসেনার আত্নকথন / _cআবদুর রহমান ভূইয়া ; অনুলেখন সুলতান মাহমুদ ভূইয়া |
| 260 |
_aঢাকা : _bআজকাল প্রকাশনী, _c২০১০ |
||
| 300 |
_a৮৮, [৪] পৃ.: _bচিত্র; _c২২ সেমি. |
||
| 600 |
_aভূইয়া, আবদুর রহমান _xআত্নজীবনী _9139000 |
||
| 600 |
_aBhuiyan, Abdur Rahman _xAutobiography _9139001 |
||
| 650 |
_aবাংলাদেশ _xমুক্তিযুদ্ধ _vইতিহাস _9120080 |
||
| 650 |
_aBangladesh _xLiberation War _vHistory _9120081 |
||
| 700 |
_aভূইয়া, সুলতান মাহমুদ, অনুলেখক _9139002 |
||
| 942 |
_2ddc _cBK |
||
| 999 |
_c45399 _d45399 |
||